Statistics for Daily Country Riddle #110

Click here to take the quiz!

General Stats

  • This quiz has been taken 66 times
  • The average score is 13 of 19

Answer Stats

TypeAnswer% Correct
Found LetterA
100%
Found LetterI
98%
Found LetterS
94%
Found LetterU
92%
Found LetterT
88%
Found LetterR
86%
Found LetterI
74%
Correctly Placed LetterI
60%
Correctly Placed LetterT
60%
Correctly Placed LetterU
56%
Found LetterM
54%
Correctly Placed LetterA
50%
Correctly Placed LetterI
50%
Correctly Placed LetterM
50%
Mystery CountryMauritius
50%
Correctly Placed LetterR
50%
Correctly Placed LetterS
50%
Correctly Placed LetterU
50%
Found LetterU
50%

Score Distribution

Percentile by Number Answered

Percent of People with Each Score

Your Score History

You have not taken this quiz